Name The Celebrity- Mega Picture Edition 2 - Statistics

General Stats
  • This quiz has been taken 286 times
  • The average score is 28 of 50
Answer Stats
Picture Answer % Correct
John F. Kennedy
89%
Katy Perry
89%
Robert Downey Jr.
87%
Daniel Radcliffe
86%
Harry Styles
86%
Jack Black
80%
Kylie Jenner
79%
Mike Tyson
78%
Neil Armstrong
76%
Rosa Parks
75%
Bruce Lee
74%
Mila Kunis
74%
Audrey Hepburn
73%
Whitney Houston
73%
Bill Gates
71%
Hugh Jackman
69%
Whoopi Goldberg
69%
Bob Marley
68%
Cher
65%
Margaret Thatcher
64%
Andrew Garfield
62%
Bruce Willis
61%
Drew Barrymore
61%
Michael Phelps
60%
Queen Victoria
60%
Christina Aguilera
58%
Katharine Hepburn
58%
Richard Nixon
57%
Amy Adams
56%
Diego Maradona
56%
James Dean
53%
Robert De Niro
53%
Jerry Seinfeld
48%
Rachel McAdams
45%
Shia LaBeouf
44%
Lil Wayne
42%
George Lucas
41%
Monica Lewinsky
39%
Twiggy
33%
Andrew Jackson
32%
John Stamos
31%
Karl Marx
28%
Doris Day
24%
Florence Nightingale
23%
Mark Hamill
23%
Robert Mugabe
22%
Virginia Woolf
18%
Pablo Picasso
14%
Wayne Gretzky
14%
Victor Hugo
10%
No matching quizzes found
Score Distribution
Percent of People with Each Score
Percentile by Number Answered
Your Score History
You have not taken this quiz